Procesamiento digital de imágenes usando MatLAB y Simulink

Gardado en:
Detalles Bibliográficos
Autor Principal: Cuevas, Erik
Outros autores: Zaldívar, Daniel, Pérez, Marco
Formato: Unknown
Idioma:inglés
Publicado: Ciudad de México Alfaomega 2010
Subjects:
Tags: Engadir etiqueta
Sen Etiquetas, Sexa o primeiro en etiquetar este rexistro!

MARC

LEADER 00000 a2200000 4500
003 CL-VaPUC
005 20240321170458.0
008 200114b ||||| |||| 00| 0 eng d
999 |c 376482  |d 376480 
020 |a 9786077070306 
040 |c Pontificia Universidad Católica de Valparaíso 
082 |a 621.367 CUE 2010 
100 |a Cuevas, Erik  |9 605688 
245 1 0 |a Procesamiento digital de imágenes usando MatLAB y Simulink 
260 3 0 |b Alfaomega  |c 2010  |a Ciudad de México  
583 |k Hugo Gaete  |c 20200114 
650 0 0 |a Procesamiento de imágenes   |9 316062 
650 0 0 |a MATLAB  |9 330763 
650 0 0 |a Simulink  |9 560036 
650 0 0 |a PROCESAMIENTO DIGITAL  |9 605767 
700 |a Zaldívar, Daniel  |9 605768 
700 |a Pérez, Marco  |9 605769 
942 |2 ddc  |c BK 
952 |0 0  |1 0  |2 ddc  |4 0  |6 621_367000000000000_CUE_2010  |7 0  |9 495928  |a BIBING  |b BIBING  |c GEN  |d 2020-01-09  |e 82  |g 34397.00  |i 5572312  |o 621.367 CUE 2010   |p 5572312  |r 2025-01-20  |t 1  |v 34397.00  |w 2020-01-09  |y BK  |k EIE 
952 |0 0  |1 0  |2 ddc  |4 0  |6 621_367000000000000_CUE_2010  |7 0  |8 A  |9 561712  |a BIBING  |b BIBING  |c GEN  |d 2020-03-20  |e 82  |g 34397.00  |i 5574560  |o 621.367 CUE 2010  |p 5574560  |r 2025-01-20  |t 2  |v 34397.00  |w 2020-03-20  |y BK  |k EIE 
952 |0 0  |1 0  |2 ddc  |4 0  |6 621_367000000000000_CUE_2010  |7 0  |8 A  |9 561713  |a BIBING  |b BIBING  |c GEN  |d 2020-03-20  |e 82  |g 34397.00  |i 5574579  |o 621.367 CUE 2010  |p 5574579  |r 2025-01-20  |t 3  |v 34397.00  |w 2020-03-20  |y BK  |k EIE